00387nam a2200157Ia 4500003000400000008004100004040001600045082001300061100001700074245003900091260002700130300001000157490002500167650001500192650002200207GCL140319s9999 xx 000 0 eng d aGCL / cGCL04a843bV A1 aVERNE, JULES10aAUTOUR DE LA LUNE / cVERNE, JULES a[S.N] : bNO ، c1993 a425 P aLE LIVRE DE POCHEv004aLITERATURE04aFRENCH LITERATURE